1790 1482 1278 1988 1549 1302 1763 1536 1223 1444 1905 1368 1296 1282 1042 1066 1903 1938 1443 1061 1241 1567 1494 1268 1736 1444 1154 1059 1952 1596 1235 1826 1210 1319 1688 1645 1746 1933 1314 1958 1915 1691 1215 1520 1093 1160 1779 1467 1749 1643 1167 1365 1500 1153 1500 1864 1513 1483 1305 1894 1119 1727 1039 1887 1980 1225 1818 1060 1889 1130 1324 1803 1549 1564 1288 1252 1511 1305 1171 1340 1722 1298 1155 1856 1572 1433 1981 1732 1521 1384 1754 1217 1615 1816 1715 1938 1721 1975 1595 BCNSPRNW ULIB Ver.6.0+V

เปลี่ยนเป็นภาษาไทย

Change to English
 แสดงรายละเอียดบรรณานุกรม
  กลับหน้าหลัก

Brief Record : Get Marc (ISO 2709) : E-mail record : QR code < ปิดหน้าต่าง
LEADER : 00000nam 2200000uu 4500
001    13399112380
003     ULIB
008    110627s2551||||th 000 0 tha d
020    9789748485427
090    นว.^bซ239จ 2551
100 0  ซิคล์
245 00 จี๊ดรักกยัยคุณหนูซุปเปอร์สตาร์/^cซิคล์
250    พิมพ์ครั้งที่ 1
260    กรุงเทพฯ :^b1168 พับลิชชิ่ง,^c2551
300    316 หน้า
710 1  1168 พับลิชชิ่ง
945    ^p199^l0^i024494
995    ทศพร
999 ^a ใช้งานได้ทุกระบบ
รายการนี้ยังไม่มีแท็ก
คุณยังไม่ได้ล็อกอิน คุณสามารถมีกิจกรรมร่วมกับเว็บไซต์ได้ แต่ต้องล็อกอินก่อน ::
  ล็อกอิน

รายการสื่อสารสนเทศ

ลำดับที่ ประเภท เลขเรียก/บาร์โค้ด สถานที่ สถานะ
- ไม่พบข้อมูล -

BibComment


ยังไม่เคยถูกคอมเมนท์

คอมเมนท์ทรัพยากรรายการนี้
  คอมเมนท์: จี๊ดรักกยัยคุณหนู..


 Copyright 2026. Bcnsprnw @Library